[Event "AUTO-ADV-1620"]
[Site "http://www.queenalice.com/game.php?id=840440"]
[Date "2010.10.1"]
[Round "2"]
[White "TiagoAntunes"]
[Black "mauricio_sm"]
[Result "1-0"]
[WhiteElo "2139"]
[BlackElo "2051"]

1. e4 e5 2. Nf3 Nc6 3. Bb5 a6 4. Ba4 Nf6 5. O-O b5 6. Bb3 Bc5 7. a4 Bb7 8. c3 d6
9. d4 Bb6 10. Bg5 O-O 11. axb5 axb5 12. Rxa8 Bxa8 13. Na3 h6 14. Bxf6 Qxf6 15.
Nxb5 Na5 16. Bd5 Bxd5 17. exd5 Nc4 18. Qe2 Ra8 19. Qxc4 Qe7 20. dxe5 dxe5 21.
Re1 Qc5 22. Qxc5 Bxc5 23. Nxe5 Re8 24. Nxc7 Rc8 25. Nb5 Re8 26. b4 Bb6 27. Nd6
Ra8 28. Nexf7 Bc7 29. c4 Ra2 30. g4 Bb6 31. c5 Bc7 32. b5 Ba5 33. Re8+ Kh7 34.
b6 Bc3 35. b7 Bd4 36. b8=Q Rxf2 37. Rh8+ Kg6 38. Qb1+ Kf6 39. Ne4+ Kxf7 40. Nxf2
Bxf2+ 41. Kxf2 1-0

[Event "AUTO-ADV-1629"]
[Site "http://www.queenalice.com/game.php?id=851217"]
[Date "2010.10.27"]
[Round "2"]
[White "TiagoAntunes"]
[Black "duro63"]
[Result "0-1"]
[WhiteElo "2164"]
[BlackElo "2074"]

1. e4 e6 2. c4 d6 3. Nf3 g6 4. Nc3 Bg7 5. d4 b6 6. Be2 Bb7 7. O-O Ne7 8. d5 e5
9. h4 h5 10. Be3 Nd7 11. b4 a6 12. c5 bxc5 13. bxc5 Nxc5 14. Bxc5 dxc5 15. Qa4+
c6 16. Rab1 Bc8 17. dxc6 O-O 18. Rfd1 Qc7 19. Nd5 Nxd5 20. exd5 Qd6 21. Ng5 Bf5
22. Rb7 Rab8 23. Ne6 Rxb7 24. cxb7 fxe6 25. dxe6 Qb6 26. e7 Qxb7 27. exf8=Q+
Bxf8 28. Bxa6 Qe7 29. Bd3 e4 30. Re1 Qxh4 31. Bxe4 Qf6 32. Bxf5 Qxf5 33. Qc4+
Kh7 34. a4 Qd7 35. a5 Qa7 36. Ra1 Bg7 37. a6 Bxa1 38. Qb5 Kh6 39. Qb7 Qxb7 40.
axb7 Be5 41. Kf1 Kg5 42. Ke2 c4 43. Ke3 Kf5 44. f4 Bxf4+ 45. Kd4 h4 46. Kxc4 Kg4
0-1

[Event "AUTO-ADV-1629"]
[Site "http://www.queenalice.com/game.php?id=851218"]
[Date "2010.10.27"]
[Round "2"]
[White "duro63"]
[Black "TiagoAntunes"]
[Result "0-1"]
[WhiteElo "2094"]
[BlackElo "2149"]

1. e3 d5 2. d3 e5 3. g3 Nf6 4. Bg2 Nc6 5. b3 Bb4+ 6. Bd2 Bg4 7. Ne2 O-O 8. a3
Be7 9. h3 Be6 10. O-O Qd7 11. h4 h6 12. Nec3 d4 13. Ne4 Nxe4 14. Bxe4 f5 15. Bg2
dxe3 16. fxe3 f4 17. exf4 Qd4+ 18. Kh1 Qxa1 19. Bc3 Qa2 20. Bxc6 bxc6 21. Bxe5
Bd5+ 22. Kg1 Bd6 23. Bd4 c5 24. Bc3 Rae8 25. Be1 Bb7 26. Bf2 Rf7 27. a4 Qb2 28.
Nd2 Rfe7 29. Qc1 Qc3 30. Ne4 Bxe4 31. dxe4 Rxe4 32. Qd1 Re2 33. Qd5+ Kh8 34. Qb7
a5 35. h5 Qxc2 36. Qa6 Qxb3 37. Qxa5 Qd5 38. Qc3 Rb8 39. Re1 Rbb2 40. Rxe2 Rxe2
41. Kf1 Rd2 42. Kg1 Rd1+ 43. Be1 c4 44. Kf1 Rd3 45. Qxd3 Qxd3+ 46. Kg2 Qe4+ 47.
Kf2 Bc5+ 0-1

[Event "AUTO-ADV-1629"]
[Site "http://www.queenalice.com/game.php?id=851219"]
[Date "2010.10.27"]
[Round "2"]
[White "TiagoAntunes"]
[Black "MC"]
[Result "1-0"]
[WhiteElo "2126"]
[BlackElo "1764"]

1. Nf3 g6 2. e4 f6 3. d4 a6 4. Nc3 c6 5. Bd3 b5 6. O-O e5 7. dxe5 fxe5 8. Nxe5
Bb7 9. Ng4 d5 10. exd5 cxd5 11. Re1+ Ne7 12. Nf6+ Kf7 13. Qf3 Nf5 14. Bxf5 Qxf6
15. Be6+ Ke7 16. Bxd5+ 1-0

[Event "AUTO-ADV-1629"]
[Site "http://www.queenalice.com/game.php?id=851220"]
[Date "2010.10.27"]
[Round "2"]
[White "MC"]
[Black "TiagoAntunes"]
[Result "0-1"]
[WhiteElo "1730"]
[BlackElo "2127"]

1. b4 e5 2. c3 Nf6 3. f3 d5 4. g4 Nxg4 5. d4 Qh4+ 6. Kd2 Nf2 7. Qe1 exd4 8. e4
dxe4 9. cxd4 Nc6 10. Ke3 Ng4+ 11. Ke2 Nxd4+ 12. Kd1 Nf2+ 13. Kd2 Bxb4+ 14. Nc3
O-O 15. Ne2 e3+ 16. Kxe3 Re8+ 17. Kd2 Qg5+ 18. f4 Bxc3+ 19. Kxc3 Qc5+ 20. Kb2
Nd3+ 21. Kb1 Qc2# 0-1

[Event "Challenge World Game #336"]
[Site "http://www.queenalice.com/game.php?id=867110"]
[Date "2010.12.7"]
[Round "-"]
[White "TiagoAntunes"]
[Black "Aylton"]
[Result "1-0"]
[WhiteElo "2213"]
[BlackElo "2119"]

1. e4 c5 2. Nf3 Nc6 3. Bb5 e6 4. Bxc6 dxc6 5. e5 f5 6. d3 h6 7. O-O Bd7 8. Be3
Qc7 9. Nh4 O-O-O 10. Ng6 Rh7 11. Nxf8 Rxf8 12. Bxc5 Rf7 13. Nd2 Qxe5 14. Bxa7
Qxb2 15. Nc4 Qf6 16. Qd2 Qe7 17. Qa5 b5 18. Qb6 Be8 19. Qb8+ Kd7 20. Ne5# 1-0

[Event "Let's Play Chess!"]
[Site "http://www.queenalice.com/game.php?id=868954"]
[Date "2010.12.7"]
[Round "-"]
[White "TiagoAntunes"]
[Black "shobby55"]
[Result "1-0"]
[WhiteElo "2222"]
[BlackElo "1584"]

1. e4 d5 2. exd5 Qxd5 3. Nc3 Qe6+ 4. Be2 c6 5. Nf3 h6 6. O-O Nf6 7. d4 Ne4 8. d5
Nxc3 9. dxe6 Nxd1 10. exf7+ Kxf7 11. Rxd1 Nd7 12. Bc4+ e6 13. Bf4 Nf6 14. Ne5+
Ke7 15. Ng6+ 1-0

[Event "Let's Play Chess!"]
[Site "http://www.queenalice.com/game.php?id=868959"]
[Date "2010.12.7"]
[Round "-"]
[White "plonius"]
[Black "TiagoAntunes"]
[Result "1-0"]
[WhiteElo "2529"]
[BlackElo "2223"]

1. d4 Nf6 2. c4 c6 3. Nf3 d5 4. Nc3 a6 5. e3 Bf5 6. Bd3 Bxd3 7. Qxd3 Nbd7 8. O-O
e6 9. e4 dxe4 10. Nxe4 Nxe4 11. Qxe4 Nf6 12. Qe2 Bd6 13. Bg5 h6 14. Bh4 Be7 15.
Rad1 O-O 16. a3 Qb6 17. Rd3 Rad8 18. Ne5 g5 19. c5 Qb5 20. Qc2 Ne4 21. Bg3 Bf6
22. Ng4 Bg7 23. Be5 f6 24. Rh3 fxe5 25. Qxe4 Rf5 26. Nxh6+ Bxh6 27. Rxh6 Rxd4
28. Qe3 Qc4 29. b3 Qc2 30. Rxe6 Rd1 31. Rd6 Rb1 32. b4 a5 33. Rd2 Rxf1+ 34. Kxf1
Qc1+ 35. Ke2 Qc4+ 36. Qd3 Qf4 37. Ke1 axb4 38. g3 Qf3 39. axb4 Qxd3 40. Rxd3 Rf7
41. Rd6 Kg7 42. h3 Kf8 43. Rg6 1-0

[Event "Let's Play Chess!"]
[Site "http://www.queenalice.com/game.php?id=868961"]
[Date "2010.12.7"]
[Round "-"]
[White "TiagoAntunes"]
[Black "plonius"]
[Result "0-1"]
[WhiteElo "2220"]
[BlackElo "2531"]

1. e4 e6 2. d4 d5 3. Nd2 c5 4. exd5 Qxd5 5. Ngf3 cxd4 6. Bc4 Qd6 7. O-O Nf6 8.
Nb3 Nc6 9. Nbxd4 Nxd4 10. Nxd4 a6 11. Bb3 Qc7 12. Qd3 Be7 13. Re1 O-O 14. Bg5 b5
15. a4 b4 16. Qc4 Qxc4 17. Bxc4 Bb7 18. Rad1 Rac8 19. Bb3 Rcd8 20. Bc4 h6 21.
Bh4 Rc8 22. Bb3 g5 23. Nxe6 gxh4 24. Nxf8 Kxf8 25. Re5 Bc5 26. Rf5 Kg7 27. Rf4
h3 28. gxh3 Be4 29. Kf1 a5 30. Re1 Bg6 31. Rc4 Nd7 32. h4 Rc6 33. Re8 Rd6 34.
Re7 Bb6 35. Rf4 Bd8 36. Re8 Bc7 37. Ke1 Nc5 38. Re7 Bd8 39. Re2 Bf6 40. Rd2 Rc6
41. Rd5 Nxb3 42. cxb3 Rc1+ 43. Ke2 Rc2+ 44. Kf1 Rxb2 0-1

[Event "Let's Play Chess!"]
[Site "http://www.queenalice.com/game.php?id=870551"]
[Date "2010.12.11"]
[Round "-"]
[White "TiagoAntunes"]
[Black "leduar"]
[Result "1-0"]
[WhiteElo "2203"]
[BlackElo "1980"]

1. e4 e5 2. Nf3 Nf6 3. d4 Nxe4 4. Bd3 d5 5. dxe5 Nc5 6. Be2 Bg4 7. Nc3 c6 8. Nd4
Bxe2 9. Qxe2 g6 10. h4 Be7 11. h5 Nbd7 12. hxg6 fxg6 13. Bh6 Qb6 14. O-O-O O-O-O
15. Bg7 Rhe8 16. Qg4 Kb8 17. Rxh7 Ne4 18. Nxe4 dxe4 19. Ne6 Qxf2 20. Nxd8 Rxd8
21. Bh6 e3 22. Rxe7 e2 23. Rexd7 Rxd7 24. Qxd7 exd1=Q+ 25. Qxd1 a6 26. e6 Qh4
27. Qd6+ Ka7 28. Be3+ b6 29. Qc7+ Ka8 30. Qxc6+ Kb8 31. Qxb6+ Kc8 32. Qxa6+ Kb8
33. Ba7+ Kc7 34. Qb6+ Kc8 35. Qb8# 1-0

[Event "Let's Play Chess!"]
[Site "http://www.queenalice.com/game.php?id=870552"]
[Date "2010.12.11"]
[Round "-"]
[White "TiagoAntunes"]
[Black "leduar"]
[Result "1-0"]
[WhiteElo "2197"]
[BlackElo "1988"]

1. Nc3 c5 2. e4 Nc6 3. Nge2 e5 4. Nd5 Nf6 5. Nec3 d6 6. Nxf6+ Qxf6 7. Nd5 Qd8 8.
Bc4 Be6 9. d3 Na5 10. O-O Nxc4 11. dxc4 Be7 12. f4 Bxd5 13. Qxd5 f6 14. Qxb7 O-O
15. Qd5+ Kh8 16. f5 Qb6 17. b3 Rac8 18. Bb2 Qc6 19. Qxc6 Rxc6 20. Rad1 a5 21. a4
Rg8 22. Bc3 Ra6 23. Kf2 g5 24. g4 h6 25. Rh1 Rd8 26. h4 Kg7 27. Rh2 Rh8 28. Rdh1
gxh4 29. Rxh4 Bd8 30. Bd2 1-0

[Event "Let's Play Chess!"]
[Site "http://www.queenalice.com/game.php?id=870553"]
[Date "2010.12.11"]
[Round "-"]
[White "TiagoAntunes"]
[Black "leduar"]
[Result "1-0"]
[WhiteElo "2208"]
[BlackElo "1973"]

1. e4 e5 2. Bc4 Nf6 3. d3 Nc6 4. Nf3 Be7 5. O-O O-O 6. Re1 d6 7. a4 h6 8. Bd2
Bg4 9. h3 Bxf3 10. Qxf3 Nd4 11. Qd1 d5 12. exd5 Nxd5 13. Rxe5 Nb6 14. Nc3 Bf6
15. Re1 Nxc4 16. dxc4 Nc6 17. Nd5 Bd4 18. Qh5 Re8 19. Rxe8+ Qxe8 20. Nxc7 Qd8
21. Nxa8 Bxf2+ 22. Kxf2 Qxd2+ 23. Kg1 Qd4+ 24. Kh1 Qxb2 25. Re1 Qxc2 26. Re8+
Kh7 27. Qxf7 Qd1+ 28. Kh2 Qd6+ 29. Kg1 Qd1+ 30. Kf2 Qd2+ 31. Re2 Qd4+ 32. Kf1
Qd1+ 33. Re1 Qd3+ 34. Kg1 Nd4 35. Qxb7 Qg3 36. Qe4+ Kh8 37. Rd1 1-0

[Event "Let's Play Chess!"]
[Site "http://www.queenalice.com/game.php?id=870554"]
[Date "2010.12.11"]
[Round "-"]
[White "TiagoAntunes"]
[Black "leduar"]
[Result "1-0"]
[WhiteElo "2177"]
[BlackElo "2014"]

1. c4 c5 2. Nf3 g6 3. d4 e6 4. e4 f5 5. exf5 exf5 6. Nc3 Bg7 7. Nb5 Qe7+ 8. Be2
Na6 9. Bf4 Kd8 10. dxc5 Qxc5 11. Bd6 Qb6 12. Ng5 Bxb2 13. Ne6+ Ke8 14. Nec7+
Nxc7 15. Nxc7+ Kd8 16. Nxa8 Bxa1 17. Nxb6 Bc3+ 18. Kf1 axb6 19. Bb4 Bf6 20. Qd6
1-0

[Event "Let's Play Chess!"]
[Site "http://www.queenalice.com/game.php?id=870555"]
[Date "2010.12.11"]
[Round "-"]
[White "leduar"]
[Black "TiagoAntunes"]
[Result "0-1"]
[WhiteElo "2024"]
[BlackElo "2169"]

1. e4 d6 2. d4 g6 3. Nc3 Nf6 4. f4 Bg7 5. Nf3 c5 6. Bb5+ Bd7 7. e5 Ng4 8. exd6
O-O 9. h3 Nh6 10. Bxd7 Nxd7 11. Ne5 cxd4 12. Nd5 Qa5+ 13. Bd2 Qxd5 14. Nxd7 Qxg2
15. Rf1 exd6 16. Nxf8 Re8+ 0-1

[Event "Let's Play Chess!"]
[Site "http://www.queenalice.com/game.php?id=870556"]
[Date "2010.12.11"]
[Round "-"]
[White "leduar"]
[Black "TiagoAntunes"]
[Result "0-1"]
[WhiteElo "2005"]
[BlackElo "2184"]

1. d4 Nf6 2. c4 g6 3. Nc3 Bg7 4. e4 d6 5. Nf3 O-O 6. Be2 e5 7. O-O Na6 8. Re1 c6
9. Bf1 Bg4 10. dxe5 Bxf3 11. Qxf3 dxe5 12. Bg5 Qe7 13. a3 Nc5 14. Bxf6 Bxf6 15.
Nb1 Bg5 16. a4 f5 17. Bd3 fxe4 18. Qe2 exd3 19. Qxe5 Qxe5 20. Rxe5 Rfe8 21. f4
Bxf4 22. Rxc5 Be3+ 0-1

[Event "Let's Play Chess!"]
[Site "http://www.queenalice.com/game.php?id=870557"]
[Date "2010.12.11"]
[Round "-"]
[White "leduar"]
[Black "TiagoAntunes"]
[Result "0-1"]
[WhiteElo "1996"]
[BlackElo "2191"]

1. e4 c6 2. d4 d5 3. Nc3 dxe4 4. Nxe4 Nd7 5. Bc4 Ngf6 6. Ng5 e6 7. Qe2 Nb6 8.
Bb3 h6 9. N5f3 a5 10. Bd2 a4 11. Bc4 Nxc4 12. Qxc4 Qb6 13. Bc3 Qc7 14. Nd2 b5
15. Qd3 b4 16. Bxb4 Bxb4 17. c3 Ba6 18. Nc4 Bd6 19. Nxd6+ Qxd6 20. Qg3 Qd5 21.
f3 Qc4 22. Qxg7 Qf1+ 23. Kd2 Qf2+ 24. Kd1 Rg8 25. Qxh6 Qf1+ 0-1

[Event "Let's Play Chess!"]
[Site "http://www.queenalice.com/game.php?id=870709"]
[Date "2010.12.12"]
[Round "-"]
[White "Scharlatan"]
[Black "TiagoAntunes"]
[Result "1-0"]
[WhiteElo "1899"]
[BlackElo "2217"]

1. c4 b6 2. Nc3 Nf6 3. e4 e5 4. d3 Bc5 5. a3 Bb7 6. Be3 Nc6 7. Nf3 O-O 8. Be2 h6
9. Qd2 a5 10. Nd5 Nd4 11. Bxd4 exd4 12. O-O Nxd5 13. exd5 c6 14. dxc6 dxc6 15.
Rab1 Bd6 16. b4 axb4 17. axb4 Qc7 18. Nxd4 Bxh2+ 19. Kh1 1-0